Gran diccionario de sinónimos y antónimos time life / (Registro nro. 25545)
[ vista simple ]
| 000 -CABECERA | |
|---|---|
| campo de control de longitud fija | 00714nam a2200193 a 4500 |
| 001 - NÚMERO DE CONTROL | |
| campo de control | 000026053 |
| 005 - FECHA Y HORA DE LA ÚLTIMA TRANSACCIÓN | |
| campo de control | 20200930024249.0 |
| 008 - DATOS DE LONGITUD FIJA--INFORMACIÓN GENERAL | |
| campo de control de longitud fija | 110228s2006 pe d 000 0 spa d |
| 020 ## - NÚMERO INTERNACIONAL ESTÁNDAR DEL LIBRO | |
| Número Internacional Estándar del Libro | 9684182163 |
| 040 ## - FUENTE DE LA CATALOGACIÓN | |
| Centro catalogador/agencia de origen | DO-SdBNP |
| Lengua de catalogación | spa |
| Centro/agencia transcriptor | BNPHU |
| 082 ## - NÚMERO DE LA CLASIFICACIÓN DECIMAL DEWEY | |
| Número de clasificación | R 463.1 |
| Número de documento/Ítem | G648d |
| 245 00 - MENCIÓN DE TÍTULO | |
| Título | Gran diccionario de sinónimos y antónimos time life / |
| Mención de responsabilidad, etc. | Bettina Cositorto, directora editorial. |
| 260 ## - PUBLICACIÓN, DISTRIBUCIÓN, ETC. | |
| Lugar de publicación, distribución, etc. | México : |
| Nombre del editor, distribuidor, etc. | Ediciones Culturales Internacionales, |
| Fecha de publicación, distribución, etc. | 2006. |
| 300 ## - DESCRIPCIÓN FÍSICA | |
| Extensión | 608 p. ; |
| Dimensiones | 27 cm. |
| Material acompañante/anejo | cd rom |
| 500 ## - NOTA GENERAL | |
| Nota general | La biblioteca posee la 3a. reimpresión del 2008 |
| 650 #4 - PUNTO DE ACCESO ADICIONAL DE MATERIA--TÉRMINO DE MATERIA | |
| Término de materia o nombre geográfico como elemento de entrada | Español- |
| Subdivisión general | Sinonimos y antonimos - |
| -- | Diccionarios |
| 9 (RLIN) | 37334 |
| 700 12 - PUNTO DE ACCESO ADICIONAL--NOMBRE DE PERSONA | |
| Nombre de persona | Cositorto, Bettina, |
| Término indicativo de función/relación | ed. |
| 9 (RLIN) | 52995 |
| 910 ## - DATOS DE OPCIÓN DEL USUARIO (OCLC) | |
| Datos de opción del usuario | Validado. Control de calidad MFF |
| Estado de retiro | Estado de pérdida | Restricciones de uso | No para préstamo | Código de colección | Localización permanente | Ubicación/localización actual | Ubicación en estantería | Fecha de adquisición | Número de inventario | Total de préstamos | Signatura topográfica completa | Código de barras | Fecha visto por última vez | Número de copia | Precio válido a partir de | Tipo de ítem Koha |
|---|---|---|---|---|---|---|---|---|---|---|---|---|---|---|---|---|
| Préstamo interno | Referencia General | General | Biblioteca Nacional Pedro Henríquez Ureña | Depósito | 28.02.2011 | LF1 | R 463.1 G648d | 26053-10 | 25.06.2020 | 25.06.2020 | Préstamo interno | |||||
| Préstamo interno | Préstamo restrigido | Monografías: Libros y Folletos | General | General | Depósito | 28.02.2011 | LF1 | R 463.1 G648d | 26053-20 | 25.06.2020 | e. 2 | 25.06.2020 | Préstamo interno | |||
| Monografías: Libros y Folletos | General | General | Depósito | 07.07.2014 | LF1 | R 463.1 G648d | 26053-40 | 25.06.2020 | e. 3 | 25.06.2020 | Préstamo en sala | |||||
| Extraviado | Monografías: Libros y Folletos | General | General | Extraviado | 07.07.2014 | LF1 | R 463.1 G648d | 26053-50 | 25.06.2020 | e. 4 | 25.06.2020 | Préstamo en sala |
